[Event "Sharjah Master 2024"]
[Site "Shsrjah - Abu Dhabi"]
[Date "2024.05.15"]
[Round "2.21"]
[White "Horvath, Dominik"]
[Black "Martirosyan, Haik M."]
[Result "1/2-1/2"]
[WhiteElo "2553"]
[BlackElo "2678"]
[PlyCount "50"]
[EventDate "2024.05.14"]
[EventCountry "UAE"]

{[%evp 0,50,25,25,25,22,35,15,20,7,38,25,12,12,-5,4,-2,17,17,22,68,27,35,29,33,8,8,-6,19,-6,-16,-28,-9,-122,-110,-148,-149,-123,-95,-89,-84,-288,-279,-279,-275,-297,-304,-208,-275,-292,-275,-48,-275]} 1. e4 e5 2. Nf3 Nc6 3. Bb5 Nf6 4. O-O Nxe4 5. Re1 Nd6 6. Nxe5 Be7 7. Bf1 Nxe5 8. Rxe5 O-O 9. Nc3 Ne8 10. d4 ({RR} 10. Nd5 Bd6 11. Re1 c6 12. Ne3 Bc7 13. Nf5 Nf6 14. Ne7+ Kh8 15. Nxc8 Qxc8 16. d4 d5 17. Bd3 Re8 18. Rxe8+ Qxe8 19. c3 Qe6 20. g3 Re8 21. Kg2 Kg8 ({RR} 21... g6 22. Qf3 Kg7 23. Bd2 Ne4 24. Re1 f5 25. Bf4 Qd7 26. Re2 Bxf4 27. Qxf4 Re7 28. h4 Qc7 29. Qxc7 Rxc7 30. g4 fxg4 31. Bxe4 dxe4 32. Rxe4 h5 33. Re6 Rf7 34. a4 a6 35. Rd6 Re7 36. a5) 22. Qf3 Ne4 23. Be3 g6 24. Re1 h5 {Pranesh M (2535)-Martirosyan,H (2678) Dubai Police Officers Club, A 2024 ½-½ (31)}) 10... Bf6 11. Re1 d5 12. b3 ({RR} 12. Bf4 c6 13. Ne2 Nc7 14. c3 Ne6 15. Bg3 h5 16. Nf4 g6 17. Nxe6 Bxe6 18. Bd3 Qd7 19. Qc2 Rae8 20. Bf4 Kg7 21. Qd2 Rh8 22. Re3 Bf5 23. Rae1 Rxe3 24. Rxe3 Bxd3 25. Qxd3 Re8 26. Rxe8 Qxe8 {Naumovich,Y (2059)-Aleksandrov,A (2418) Minsk BLR 2024 ½-½ (33)}) 12... c6 $146 ({RR} 12... Be6 13. Ba3 Nd6 14. Nb5 Be7 15. Nxd6 Bxd6 16. Bxd6 Qxd6 17. Bd3 Qf4 18. Qh5 h6 19. Qe5 Qxe5 20. Rxe5 Rfe8 21. f4 f6 22. Re3 Bg4 23. Rae1 Kf7 24. Kf2 Bd7 25. h4 Rxe3 26. Rxe3 h5 27. Ke1 {Degardin,S (2250)-Floris,F (2075) Basel SUI 2023 ½-½ (42)}) 13. Ba3 Nd6 14. Qf3 Nf5 15. Bxf8 Nxd4 16. Qxf6 gxf6 17. Be7 Qd7 18. Rad1 Qg4 19. Rd3 Nf5 20. Ne4 dxe4 21. Rd8+ Kg7 22. Bf8+ Kg6 23. Ba3 Kg7 24. Bf8+ Kg6 25. Ba3 Kg7 1/2-1/2

[Event "Sharjah Master 2024"]
[Site "Shsrjah - Abu Dhabi"]
[Date "2024.05.15"]
[Round "?"]
[White "Shankland, Sam"]
[Black "Sivuk, Vitaly"]
[Result "1-0"]
[WhiteElo "2671"]
[BlackElo "2541"]
[PlyCount "111"]
[EventDate "2024.05.14"]
[EventCountry "UAE"]

{[%evp 11,111,-10,12,6,5,-4,23,25,23,17,24,21,24,16,26,7,20,-21,37,38,55,30,42,33,56,56,60,53,57,57,55,55,57,41,53,47,76,82,110,93,169,162,165,165,239,206,192,203,221,214,259,266,305,331,303,284,334,335,373,371,379,369,371,368,367,366,351,366,424,425,530,375,441,434,478,476,478,476,472,433,439,449,473,450,469,441,464,463,471,466,469,461,487,487,567,551,573,564,883,883,955,1077]} 1. Nf3 d5 2. g3 Nf6 3. Bg2 e6 4. O-O Be7 5. d3 O-O 6. Nbd2 Nc6 7. d4 a5 8. c4 $146 ({RR} 8. Re1 b6 9. e4 dxe4 10. Nxe4 Nxe4 11. Rxe4 Bb7 12. Re1 Bf6 13. c3 Ne7 14. h4 a4 15. Bg5 Bxg5 16. hxg5 (16. Nxg5 $11 Bxg2 17. Qc2) 16... Ng6 17. Qd2 Ra5 18. b4 axb3 19. axb3 Bxf3 20. Bxf3 Rxg5 21. Bg2 h5 22. Ra8 Qf6 {Malakhov,V (2648)-Lysyj,I (2589) chess.com INT 2024 ½-½ (37)}) 8... b6 9. b3 {White has an edge.} Bb7 10. Bb2 a4 11. cxd5 exd5 12. bxa4 Bd6 13. Nb1 Ne4 14. Nfd2 (14. Nc3 {keeps more tension.} Na5 15. Qc2 f6 16. e3 f5 17. Ne5) 14... Nxd2 $6 {Inaccuracy. f5 was best.} (14... f5 15. Nb3 h5 16. Nc3 h4 17. Nxd5 Ne7 18. Nxe7+ Qxe7 19. Nd2 $1 Bd5 20. Qc2) (14... f5 $1 $11) 15. Nxd2 $14 Bb4 16. Nb1 Na5 17. Bc3 Qe7 18. Qc2 Bd6 19. e3 Qd7 20. Bxa5 Rxa5 21. Nc3 Rfa8 22. Qb3 Bf8 23. Rfc1 Rd8 24. Rab1 Ba8 25. Qd1 Ra6 $6 {Inaccuracy. Rb8 was best.} (25... Rb8) (25... Rb8 $16 {was worth a try.}) 26. Qe2 $18 Ra5 27. Rb5 c5 $6 {Inaccuracy. g6 was best.} (27... g6 28. h4 Kg7 29. Qc2 Be7 30. Rcb1 Qc6 31. Qb3 Qd7 32. Rxa5 bxa5 33. Ne2) (27... g6 $142 28. Qc2 Kg7) 28. Rxb6 cxd4 29. exd4 Rc8 30. Qb2 Ra7 31. Nb5 {And now Rxc8 would win.} Rxa4 $6 {Inaccuracy. Rxc1+ was best. next ...Rb4 is good for Black.} (31... Rxc1+ 32. Qxc1) 32. Rxc8 Qxc8 {[#]} 33. Nc3 $1 {[%cal Rc3a4]} Ra3 34. Nxd5 Rd3 {[#] aiming for ...Rd1+.} 35. Ne7+ $1 {[%mdl 512]} Bxe7 36. Rb8 {[%mdl 64] Double Attack} Rd1+ 37. Bf1 Qf8 38. Rxf8+ Bxf8 39. f4 Bd5 {intending ...Bc4.} (39... Bc6) 40. Kf2 g6 41. Bg2 $6 {Inaccuracy. Ke2 was best.} (41. Ke2 Bf3+ 42. Kxf3 Rxf1+ 43. Ke4 Re1+ 44. Kd3 Rf1 45. Kc4 Rf3 46. a4 Ra3) 41... Bxg2 $6 {Inaccuracy. Be6 was best.} (41... Be6 42. Ke2 Rg1 43. Bf3 Bf5 44. Bd5 Rb1 45. Qc3 Bg4+ 46. Kd3 Bf5+ 47. Ke3) 42. Kxg2 {[%mdl 4096] Endgame KQ-KRB. White is clearly winning.} Bg7 43. Qb8+ Bf8 44. Qa7 Rd2+ 45. Kf1 Kg7 46. a4 Bb4 47. Qb8 Be7 48. Qb7 Bf6 49. d5 Ra2 50. Qc6 h5 51. d6 Rxh2 52. d7 Rd2 53. a5 {[%cal Ba4a5,Ba5a6][%mdl 32] Strongly threatening a6.} h4 54. gxh4 Rd4 $6 {Inaccuracy. Ra2 was best.} (54... Ra2 55. a6 Bxh4 56. Qc4 Ra3 57. a7 Bf6 58. Qc7 g5 59. fxg5 Bxg5 60. Qe5+) 55. a6 Rxf4+ 56. Ke2 {Accuracy: White = 86%, Black = 52%.} 1-0

[Event "Sharjah Master 2024"]
[Site "Shsrjah - Abu Dhabi"]
[Date "2024.05.15"]
[Round "?"]
[White "Yakubboev, Nodirbek"]
[Black "Erdos, Viktor"]
[Result "1-0"]
[WhiteElo "2665"]
[BlackElo "2546"]
[PlyCount "75"]
[EventDate "2024.05.14"]
[EventCountry "UAE"]

{[%evp 9,75,32,32,34,36,35,32,24,24,21,17,8,10,12,10,10,73,89,82,104,97,84,133,127,132,119,142,139,137,136,151,146,150,139,150,151,155,148,176,167,161,166,177,168,227,218,395,393,378,390,483,384,384,385,384,383,387,385,384,381,447,446,551,547,558,485,482,484]} 1. d4 Nf6 2. Nf3 d5 3. c4 e6 4. Nc3 Nbd7 5. Bf4 dxc4 6. e3 b5 7. Nxb5 Bb4+ 8. Nd2 {White is slightly better.} Nd5 9. Bg3 $146 ({RR} 9. a3 Bxd2+ 10. Qxd2 Nxf4 11. exf4 Nb6 12. Be2 Bb7 13. Rg1 (13. O-O $11) 13... O-O 14. g4 Qd7 (14... Qh4 $17 15. Nxc7 Rad8) 15. Nc3 Rad8 16. O-O-O Qe7 17. f5 c5 (17... Qh4 $17) 18. Qe3 cxd4 19. Rxd4 Rxd4 20. Qxd4 e5 21. Qe3 Rd8 (21... Nd5 $11 22. Nxd5 Bxd5) 22. f4 e4 23. g5 Qd6 {Mahdian,A (2069)-Buksa,N (2388) FIDE Online Arena INT 2024 ½-½ (59)}) 9... N7b6 $1 10. a3 Ba5 $1 11. Rc1 $36 {[%mdl 2048] White is more active.} O-O 12. Nc3 Rb8 $6 {Inaccuracy. Bb7 was best.} (12... Bb7 13. Bxc4 Bxc3 14. bxc3 Nxc4 15. Nxc4 Nb6 16. Nxb6 axb6 17. O-O Qd5 {[%csl Gb7][%cal Rd5g2]} 18. f3) (12... Bb7 $11 {remains equal.}) 13. Bxc4 Bxc3 14. bxc3 Nxc4 15. Nxc4 Ba6 {[#]} 16. Ne5 $1 Qe8 17. c4 Nb6 18. O-O f6 19. Nd3 Nxc4 {[#] ...Nb2 would now be nice for Black.} 20. Re1 $1 Nb2 21. Nxb2 Rxb2 22. Rxc7 Rf7 23. Rc5 Rfb7 24. h4 h6 25. Kh2 Qg6 26. Qf3 Bd3 (26... R7b6 $142 27. Qf4 Bb7) 27. e4 $18 Bb1 $6 {Inaccuracy. Ba6 was best.} (27... Ba6 28. Rc8+) (27... Ba6 {might work better.} 28. d5 e5 29. Bxe5 fxe5) 28. h5 Qf7 29. d5 R2b5 $6 {Inaccuracy. Kh7 was best.} (29... Kh7 30. Rec1 f5 (30... R2b3 {was worth a try.}) 31. dxe6 Qxe6 32. exf5 Qf6 33. Qg4 Qg5 34. Qxg5 hxg5 35. Kh3) 30. Rc6 $6 {Inaccuracy. Rc8+ was best.} (30. Rc8+) 30... f5 31. dxe6 Qe8 32. exf5 Rxf5 33. Qc3 {aiming for Rc8.} Kh7 34. Rc8 Qxh5+ $6 {Inaccuracy. Qe7 was best.} (34... Qe7 35. Kg1 Rxh5 36. Qf3 Rhb5 37. a4 Rb4 38. Qd5 Bg6 (38... R4b6 {is a better defense.} 39. Re4 Kg6) 39. Bd6 Rb1 40. Bxe7) 35. Kg1 {And now e7 would win.White is clearly winning.} Ba2 36. e7 Bf7 37. e8=Q Bxe8 38. Rcxe8 {Accuracy: White = 95%, Black = 69%.} 1-0

[Event "Sharjah Master 2024"]
[Site "Shsrjah - Abu Dhabi"]
[Date "2024.05.15"]
[Round "?"]
[White "Adhiban, B.."]
[Black "Sadhwani, Raunak"]
[Result "1/2-1/2"]
[WhiteElo "2520"]
[BlackElo "2654"]
[PlyCount "24"]
[EventDate "2024.05.14"]
[EventCountry "UAE"]

1. e4 e6 2. d4 d5 3. exd5 exd5 4. Nf3 Bd6 5. Bd3 Nf6 6. Qe2+ Qe7 7. Qxe7+ Kxe7 8. O-O ({RR} 8. Nc3 c6 9. O-O Re8 10. Bg5 h6 11. Rae1+ Be6 12. Bd2 Kf8 13. Ne5 a6 14. f4 c5 15. f5 Bc8 16. Bf4 Rd8 17. Na4 c4 18. Be2 Bxf5 19. Nb6 Ra7 20. c3 Be6 21. Bxh6 Ne4 22. Bf4 Nc6 {Nakamura,H (2789)-Carlsen,M (2830) chess.com INT 2024 ½-½ (89)}) 8... Re8 9. Re1+ $146 ({RR} 9. Bg5 Kf8 10. Nc3 c6 11. Bxf6 gxf6 12. Bxh7 f5 13. Nh4 f4 14. Bd3 Be7 15. Nf5 Bf6 16. Nd6 Rd8 17. Nxc8 Rxc8 18. Ne2 f3 19. gxf3 Re8 20. c3 Nd7 21. Ng3 Bg5 22. Nf5 Bf4 23. h4 Nf6 {Narva,M (2400)-Chernobay,A (2454) chess.com INT 2024 ½-½}) ({RR} 9. Bg5 Nbd7 10. Nc3 c6 11. Nh4 Kf8 12. Nf5 Bc7 13. Rfe1 h6 14. Rxe8+ Nxe8 15. Be7+ Kg8 16. Re1 Ndf6 17. h3 Bxf5 18. Bxf5 Bd6 19. g4 Bxe7 20. Rxe7 Nd6 21. Bd3 Kf8 22. Re5 Nd7 23. Re3 Re8 {Bernadskiy,V (2573)-Martin Fuentes,A (2372) chess.com INT 2024 1-0 (89)}) 9... Kf8 10. Rxe8+ Kxe8 11. Nc3 c6 12. Bg5 Nbd7 1/2-1/2

[Event "Sharjah Master 2024"]
[Site "Shsrjah - Abu Dhabi"]
[Date "2024.05.15"]
[Round "?"]
[White "Ter-Sahakyan, Samvel"]
[Black "Nikitenko, Mihail"]
[Result "1-0"]
[WhiteElo "2650"]
[BlackElo "2525"]
[PlyCount "89"]
[EventDate "2024.05.14"]
[EventCountry "UAE"]

{[%evp 20,89,102,55,83,87,80,79,107,111,185,97,92,103,135,131,176,179,341,345,336,340,400,343,333,339,323,337,338,333,345,340,347,335,343,341,341,341,340,344,360,354,362,361,358,357,358,350,351,356,366,351,433,401,426,419,439,404,428,379,400,407,475,450,484,482,490,472,497,476,506,497]} 1. d4 e6 2. c4 Nf6 3. Nf3 d5 4. g3 Be7 5. Bg2 O-O 6. O-O c6 7. Nc3 Nbd7 8. Qd3 b6 9. e4 Ba6 10. b3 Rc8 11. Rd1 c5 12. exd5 exd5 13. Nb5 cxd4 $146 {White is better.} ({RR} 13... dxc4 {13...xb5 0.74} 14. bxc4 Bxb5 15. cxb5 c4 16. Qc2 Qc7 17. d5 Ne5 $2 {[%mdl 8192]} (17... Bc5 $16) 18. Nxe5 $1 Qxe5 19. Bf4 Qh5 20. d6 Bd8 21. d7 Rc5 22. Bd6 Rxb5 23. Qxc4 {1-0 (23) Raznikov,D (2469)-Deutsch,E (2287) Israel ISR 2024}) 14. Nfxd4 Nc5 $6 {Inaccuracy. Bc5 was best.} (14... Bc5) (14... Bc5 $16 {keeps fighting.}) 15. Qc2 $6 {Inaccuracy. Qf5 was best.} (15. Qf5 g6 16. Qf3 $1 Qd7 17. Nc3 $1 dxc4 {[#]} 18. Nc6 $1 Qxc6 19. Qxc6 Rxc6 20. Bxc6 Rc8) (15. Qf1 $18) 15... Qd7 $16 16. Bb2 Nce4 {[#]} 17. Nc3 $1 {[%cal Rc3d5] aiming for Nxd5.} Nxc3 18. Bxc3 Qc7 $2 {Mistake. Ne4 was best.} (18... Ne4 19. Ne2 Qc7 20. Rxd5 Nxc3 21. Nxc3 Rce8 22. Rdd1 Ba3 23. Rab1 Bc8 (23... Qe5 {is a better defense.} 24. Rd5 Qb8) 24. Nb5) (18... g6 {was necessary.} 19. Ne2 Qc7) 19. Nf5 $18 dxc4 20. Qd2 {Qg5 is the strong threat.} Kh8 21. Nxe7 Qxe7 22. Bb4 {[%mdl 64] Skewer} Qe8 23. Bxf8 Qxf8 24. Rac1 h6 25. Qd6 Qxd6 26. Rxd6 cxb3 27. Rxc8+ Bxc8 28. axb3 {[%mdl 4096] Endgame Hoping for Rd8+. KRB-KBN} Be6 29. b4 {[%cal Bb3b4,Bb4b5][%mdl 32]} g6 30. b5 Kg7 31. Rd4 Kf8 32. Bc6 Ke7 33. Ra4 Kd6 34. Rxa7 h5 35. f3 g5 36. h4 gxh4 37. gxh4 Ng8 38. Kf2 Nh6 39. Be8 Bd5 40. Bd7 Kc5 41. Ke3 {White is clearly winning.} f6 42. Kf4 Nf7 43. Be8 Ne5 44. Bxh5 Kxb5 45. Be8+ {Accuracy: White = 93%, Black = 42%.} 1-0

[Event "Sharjah Master 2024"]
[Site "Shsrjah - Abu Dhabi"]
[Date "2024.05.15"]
[Round "?"]
[White "Sargsyan, Shant"]
[Black "Sankalp Gupta"]
[Result "0-1"]
[WhiteElo "2637"]
[BlackElo "2531"]
[PlyCount "88"]
[EventDate "2024.05.14"]
[EventCountry "UAE"]

{[%evp 13,88,44,52,30,40,0,0,0,0,0,0,-23,-13,-10,-13,-11,-16,-12,-13,-14,-12,-12,-12,-20,-21,-33,-37,-36,-27,-30,-38,-33,-16,-29,-18,-35,-10,-35,-20,-40,-43,-66,-66,-76,-66,-61,-46,-60,-65,-67,-68,-62,-11,-432,-430,-542,-541,-531,-527,-542,-533,-607,-655,-29942,-959,-29967,-29952,-29972,-29975,-29975,-29976,-29976,-29977,-29977,-29978,-29978,-29980]} 1. e4 e5 2. Nf3 Nf6 3. Nxe5 d6 4. Nf3 Nxe4 5. c4 Be7 6. d4 O-O 7. Bd3 Ng5 8. Nxg5 $146 ({RR} 8. Nc3 Nc6 9. Nxg5 Bxg5 10. Qh5 {[%csl Gd3][%cal Rh5h7]} Re8+ 11. Kd1 h6 12. Bxg5 Qxg5 13. Qxg5 hxg5 14. Nd5 Rb8 15. Nxc7 Rd8 16. h4 g4 17. Kd2 Nxd4 18. Rae1 Bd7 19. h5 Nc6 20. h6 g6 21. Nd5 Ne5 22. Nf6+ Kh8 {Sadhwani,R (2654)-Radjabov,T (2723) Moscow RUS 2023 1-0 (56)}) 8... Bxg5 9. Qh5 {[%csl Gd3][%cal Rh5h7]} Re8+ 10. Kd1 {The position is equal.} Bxc1 11. Qxh7+ ({But not} 11. Kxc1 g6 $17) 11... Kf8 {And now ...Qg5 would win.} 12. Kxc1 Qg5+ 13. Nd2 {Threatens to win with Qh8+.} Nc6 14. f4 $1 {[%cal Rf4g5]} Qxf4 {...Re3 is the strong threat.} 15. Qh8+ $1 ({Much weaker is} 15. Rf1 Qxd4 16. Be4 Ne5 $17) 15... Ke7 16. Qxg7 Qxd4 17. Qxd4 Nxd4 18. Nb3 (18. Nf1 {seems wilder.} Rh8 19. Ne3 Be6 20. Kd2 Rh4 21. Rae1) 18... Nc6 19. Kd2 Be6 20. Rae1 Rh8 21. Kc3 Rag8 22. Be4 Rg4 23. Nd2 Ne5 24. b3 b6 25. g3 f5 26. Bf3 Rg7 27. Re2 Rgh7 28. Bd5 Bxd5 29. cxd5 Rh3 30. Rf1 Rxh2 31. Rxh2 Rxh2 32. Rxf5 $15 {[%mdl 4096] Endgame KRN-KRN} Re2 33. Rg5 $4 {[#] Blunder. Nc4 was best.} (33. Nc4 b5 34. Nxe5 dxe5 35. Kd3 Re1 36. g4 Kd6 37. g5 Kxd5 38. Rf7 c6) (33. Nc4 $1 $11) 33... Rxd2 $1 $19 {[%mdl 512]} 34. Rxe5+ (34. Kxd2 Nf3+) 34... dxe5 35. Kxd2 {aiming for Kd3. KP-KP} Kd6 36. b4 {[#]} a6 $1 37. a4 Kxd5 38. b5 axb5 39. axb5 c5 {Black mates.} 40. bxc6 Kxc6 {KPP-KP} 41. g4 Kd5 42. Kd3 b5 {[%cal Bb6b5,Bb5b4][%mdl 32]} 43. g5 Ke6 44. Ke4 b4 {Accuracy: White = 58%, Black = 89%.} 0-1

[Event "Sharjah Master 2024"]
[Site "Shsrjah - Abu Dhabi"]
[Date "2024.05.15"]
[Round "?"]
[White "Gavrilescu, David"]
[Black "Puranik, Abhimanyu"]
[Result "0-1"]
[WhiteElo "2538"]
[BlackElo "2629"]
[PlyCount "20"]
[EventDate "2024.05.14"]
[EventCountry "UAE"]

{[%evp 14,20,17,13,12,11,27,9,22]} 1. e4 e5 2. Nf3 Nc6 3. d4 exd4 4. Nxd4 Bc5 5. Nb3 Bb6 6. Nc3 Qf6 7. Qe2 Nge7 8. h4 d6 $146 ({RR} 8... h6 9. g4 d6 10. f4 Nd4 11. Nxd4 Qxd4 12. Bd2 Bd7 13. O-O-O O-O-O 14. f5 Qe5 15. Qf3 Bc6 16. Bc4 d5 17. Bf4 dxe4 18. Bxe5 exf3 19. Bxg7 Rxd1+ ({Black should try} 19... Rhe8 $14) 20. Rxd1 Be3+ 21. Kb1 Rd8 22. Bxf7 f2 23. Be6+ {Csonka,B (2485)-Pasti,A (2410) Budapest HUN 2023 1-0 (41)}) ({RR} 8... h6 9. Be3 Bxe3 10. Qxe3 a6 11. O-O-O O-O $2 (11... d6 $14) 12. g4 Ne5 13. g5 hxg5 14. hxg5 Qf3 15. Qxf3 Nxf3 16. Be2 Nxg5 {[#]} 17. f4 $1 {[%cal Rf4g5]} Ne6 18. f5 Nf4 {[#]} 19. Bf3 $1 f6 $2 (19... g5 {might work better.} 20. f6 Neg6) 20. Rh4 (20. Rdg1 $142) 20... g5 21. Rxf4 $2 (21. fxg6 $1 $18 Nexg6 22. Rg1) 21... gxf4 22. Rg1+ Kh7 23. Rh1+ {Balogh,P (2019)-Kalisky,V (2175) Slovakia SVK 2024 ½-½}) 9. Bg5 Qe6 10. O-O-O h6 {[%mdl 32768] Loss on time!?} 0-1

[Event "Sharjah Master 2024"]
[Site "Shsrjah - Abu Dhabi"]
[Date "2024.05.15"]
[Round "?"]
[White "Siddharth, Jagadeesh"]
[Black "Banusz, Tamas"]
[Result "1-0"]
[WhiteElo "2508"]
[BlackElo "2623"]
[PlyCount "53"]
[EventDate "2024.05.14"]
[EventCountry "UAE"]

{[%evp 12,53,2,2,10,10,25,17,27,11,15,15,57,51,58,0,118,47,44,41,42,43,47,47,207,56,61,43,43,46,57,51,123,123,114,114,156,148,418,416,422,414,407,404]} 1. e4 e5 2. Nf3 Nc6 3. Bc4 Nf6 4. d3 Bc5 5. Bg5 d6 6. c3 h6 7. Bh4 a5 8. O-O Bd7 $146 ({RR} 8... g5 9. Bg3 $1 Ba7 10. Nbd2 Qe7 11. Kh1 (11. d4 $14) 11... Be6 12. Bb5 Bd7 13. d4 exd4 14. Bxc6 Bxc6 15. Nxd4 Bxd4 16. cxd4 d5 $2 (16... a4 $16) 17. exd5 $1 Bxd5 18. Re1 Be6 19. Be5 $2 (19. f4 $18) 19... O-O 20. Qf3 Nd5 21. Qh5 Kh7 22. Nf3 f6 23. Bg3 {Korchmar,V (2438)-Balint,P (2294) chess.com INT 2024 ½-½ (86)}) ({RR} 8... Bb6 9. a4 Bd7 10. Re1 g5 11. Bg3 Rg8 ({Better is} 11... Nh5 $11) 12. d4 (12. Nbd2 $14) 12... Qe7 (12... g4 $11 13. Nh4 exd4) 13. dxe5 $2 (13. Nbd2 $16 {stays on course.}) 13... Nxe5 14. Na3 h5 $1 15. Nd4 (15. b4 $17 {might work better.}) 15... h4 16. Bxe5 Qxe5 $2 (16... dxe5 $19 17. Nf5 Bxf5 18. exf5 g4) 17. Nf3 $2 {[%mdl 8192]} (17. Bb5 $1 $16 Bxb5 18. axb5) 17... Qf4 18. e5 (18. Qd2 {was worth a try.} Ng4 19. Qxf4 Bxf2+ 20. Kh1 gxf4 21. Re2) 18... dxe5 $1 19. Rxe5+ Kf8 20. Qe2 g4 (20... Bc6 $142 21. Qc2 Bxf3) 21. Nd4 g3 $1 22. fxg3 hxg3 23. Rf1 {Zhang,K (1477)-Liu,j (1347) Shanghai CHN 2024 1-0}) ({RR} 8... Ba7 9. d4 (9. Na3 $11 {keeps the balance.}) 9... g5 10. dxe5 gxh4 11. exf6 Qxf6 12. Nbd2 h3 13. g3 Bg4 14. Be2 Rg8 15. Kh1 O-O-O 16. Nh4 Bxe2 17. Qxe2 d5 18. f3 (18. exd5 $17 Rxd5 19. f4) 18... dxe4 19. fxe4 Qe6 20. Nc4 Rg4 21. Rae1 Bf2 $2 (21... h5 $19 22. b3 Kb8) 22. Qxf2 Qxc4 23. Qf5+ {Tsydypov,Z (2521)-Piliposyan,R (2368) Moscow RUS 2024 1-0 (60)}) 9. Re1 Ba7 {The position is equal.} 10. d4 g5 11. Bg3 {[%cal Rd4e5]} Qe7 12. Na3 O-O-O 13. Bd5 $6 {Inaccuracy. d5 was best.} (13. d5 Nb8 14. b4 h5 15. h4 $1 {[%cal Rh4g5]} Rdg8 $1 16. Nb5 Bxb5 $1 17. Bxb5 gxh4 18. Bxh4 Rg4) (13. d5 $14) 13... Nh5 $2 {Mistake. h5 was best.} (13... h5 14. h4 Rdg8 15. Nc4 gxh4 $1 16. Bxh4 Rg4 17. Bxc6 $1 Bxc6 18. Nxa5 Rhg8 19. Nxc6) (13... h5 $11 14. h4 g4) 14. Nc4 $6 {Inaccuracy. Nb5 was best.} (14. Nb5) ({White should play} 14. Nb5 $16) 14... Nxg3 $14 15. hxg3 g4 16. Nh4 {Black must now prevent Bxc6.} exd4 17. Bxc6 bxc6 $2 {Mistake. Bxc6 was best.} (17... Bxc6 18. cxd4 Qf6 $1 19. Nxa5 Bd7 20. Nb3 $1 Kb8 21. Qd3 Rhe8 22. Rad1 Re7 23. Re2) ({Black should try} 17... Bxc6 $14 18. Nxa5 (18. cxd4 Qf6 $14) 18... Bd7) 18. Qa4 $2 {Mistake. Qd3 was best.} (18. Qd3 Kb8 19. Nf5 $1 {[%cal Rf5e7]} Qf6 20. Nxd4 Ka8 21. Nxa5 Rb8 22. Re2 Rb6 23. Qc4 Qe5) (18. cxd4 $6 Qf6 $16) (18. Nxa5 Qe5 $11) (18. Qd3 $18 Qg5 19. e5 (19. cxd4 Qb5 $16)) 18... d5 19. Qxa5 {Threatening mate with Qa6+.} Qc5 $1 20. Qa6+ Kb8 {aiming for ...Bc8.} 21. Ne5 $1 {Threatens to win with cxd4.} (21. Na5 $6 Qb6 $15) 21... dxc3 $6 {Inaccuracy. Rhe8 was best.} (21... Rhe8 $1) (21... Rhe8 $14 22. exd5 (22. Nxf7 Bc8 $14) (22. Nxd7+ Rxd7 23. exd5 Rxe1+ 24. Rxe1 Qxd5 $14) 22... Qxd5) 22. bxc3 $16 {[%cal Bb2c3,Bc3c4][%mdl 32]} Bb6 {[#]} ({Avoid the trap} 22... Qxf2+ $2 23. Kh2 $18) 23. Kh2 $1 Rhe8 24. exd5 $40 {[%mdl 128] White has strong attack.} ({Stronger than} 24. Nxf7 Bc8 $17) 24... Qxd5 $4 {[#] Blunder. Bc8 was best.} (24... Bc8) (24... Bc8 $16 25. Qa4 (25. Nxc6+ Qxc6 26. Qxc8+ Kxc8 $14) 25... Rxe5 {[%mdl 64] Decoy} 26. Rxe5 Qxc3) 25. c4 $1 $18 {[%cal Rc4d5]} Qxe5 26. Rxe5 Rxe5 27. Rb1 {Accuracy: White = 75%, Black = 54%.} 1-0

[Event "Sharjah Master 2024"]
[Site "Shsrjah - Abu Dhabi"]
[Date "2024.05.15"]
[Round "?"]
[White "Suleymanli, Aydin"]
[Black "Blohberger, Felix"]
[Result "1/2-1/2"]
[WhiteElo "2621"]
[BlackElo "2505"]
[PlyCount "37"]
[EventDate "2024.05.14"]
[EventCountry "UAE"]

1. e4 e5 2. Nf3 Nc6 3. Bb5 Nf6 4. d3 Bc5 5. c3 O-O 6. O-O ({RR} 6. Bg5 h6 7. Bh4 Be7 8. O-O d6 9. Bxc6 bxc6 10. Nbd2 c5 11. Nc4 Be6 12. Re1 Bxc4 13. dxc4 Nd7 14. Bxe7 Qxe7 15. Nd2 Rab8 16. Qc2 Qe6 17. b3 f5 18. exf5 Qxf5 19. Ne4 Nf6 20. f3 Nxe4 {Suleymanli,A (2609)-Fressinet,L (2637) Samarkand UZB 2023 ½-½ (43)}) 6... d5 7. Nbd2 Re8 8. b4 $146 ({RR} 8. exd5 a6 9. Bxc6 bxc6 10. Nb3 Qxd5 11. c4 Qd6 12. Nxc5 Qxc5 13. d4 exd4 14. Qxd4 Qh5 15. Bg5 Bg4 16. Bxf6 Bxf3 17. gxf3 Qg6+ 18. Kh1 Qxf6 19. Qxf6 gxf6 20. Rfe1 Rad8 21. Kg2 Kf8 22. Rxe8+ Rxe8 {Carlsen,M (2830)-So,W (2757) chess.com INT 2024 ½-½ (42)}) ({RR} 8. exd5 a6 9. Bxc6 bxc6 10. Nb3 Qxd5 11. c4 Qd6 12. Nxc5 Qxc5 13. Be3 Qd6 14. h3 c5 15. Qb3 Bf5 16. Rad1 Qc6 17. Nh4 Be6 18. f4 e4 19. f5 Bc8 20. d4 cxd4 21. Bxd4 Bb7 22. Qe3 Qxc4 {Albornoz Cabrera,C (2604)-Ponomariov,R (2646) Havana CUB 2024 ½-½ (32)}) 8... Bf8 9. Bb2 a6 10. Ba4 b5 11. Bb3 h6 12. a3 Be6 13. Re1 dxe4 14. dxe4 Bxb3 15. Qxb3 a5 16. Nf1 Qd7 17. Rad1 Qe6 18. Qc2 Nb8 19. Ne3 1/2-1/2